MDQL
is popping MORE tags! Check the
thread
!
Quizzes
Events
Quiz Creation
Community
Videos
Private Events
Remove Ads
Sign In
Join for FREE
Feedback
Dark Mode
Quiz Categories
Sports
Geography
Music
Movies
Television
Just For Fun
Miscellaneous
History
Literature
Language
Science
Gaming
Entertainment
Religion
Holiday
For Kids
Quiz Lab
Recent
Popular Today
Quiz Kudos Today
Editor Picks
Curator Picks
Quizzes by...
Day
Popularity
Type
Ratings
Length
Year
Community
Subscriptions
Recent Discussions
Orange Saloon
Badges
Playlists
Quests
Create
Leaderboards
Showdown
Live 5
Trivia Bingo
Activity
Puzzle Library
Sporcle Events
Private Events
Virtual Trivia
Globe League
Become a Host
Pub Owners
SporcleCon
Opinionation
Our Games
Videos
Blog
Mobile Apps
Partnerships
Remove Ads and Go Orange
Feedback
Geography
Country
Landmarks
City
State
Population
World
Capital
Continent
Flags
Europe
Africa
Asia
South America
North America
Oceania
Border
Canada
United Kingdom
Topography
United States
Geography
Country
Landmarks
City
State
Population
World
Capital
Continent
Flags
Europe
Africa
Asia
South America
North America
Oceania
Border
Canada
United Kingdom
Topography
United States
Random Quiz
Search Sporcle
×
Quiz Lab
Quiz Lab
Geography
World
Type in answers that appear in a list
Type in answers that appear in a list
Classic
Best Score? Go Orange.
European Capital Cities Stats
Can you name the capitals of the countries?
By
imaloser
5m
47 Questions
3,391 Plays
3,391 Plays
3,391 Plays
Comments
Comments
Give Quiz Kudos
Give Quiz Kudos
-
- Ratings
hide this ad
Forced Order
Answers have to be entered in order
Answers have to be entered in order
Replay
Link that replays current quiz
Next Quiz
Link to next quiz in quiz playlist
You Got
0%
They Got
Avg Score
54%
Avg Friend Score
Upgrade to see
Score Distribution
Jump to the score distribution portion of the page
Score
0/47
Timer
05:00
0
Plays Today
Country
Capital
% Correct
France
Paris
97.4%
UK
London
96.5%
Spain
Madrid
96.3%
Germany
Berlin
95%
Russia
Moscow
92.8%
Portugal
Lisbon
90.6%
Greece
Athens
88.5%
Poland
Warsaw
87.1%
Belgium
Brussels
79.9%
Austria
Vienna
79.3%
Ireland
Dublin
79.2%
Vatican City
Vatican City
78.8%
Czech Republic
Prague
76%
Italy
Rome
72.5%
Denmark
Copenhagen
70.5%
Spain
Madrid
69.8%
Norway
Oslo
68.1%
Finland
Helsinki
67.1%
San Marino
San Marino
62.8%
Andorra
Andorra
61.3%
Netherlands /
Holland
Amsterdam
61.1%
Sweden
Stockholm
60.7%
Turkey
Ankara
58.6%
Belarus
Minsk
54.3%
Country
Capital
% Correct
Switzerland
Bern
51.7%
Croatia
Zagreb
51.4%
Iceland
Reykjavik
51.4%
Monaco
Monaco
51%
Ukraine
Kiev
46.4%
Slovakia
Bratislava
45.9%
Latvia
Riga
40.2%
Estonia
Tallinn
39.9%
Bosnia and Herzegovina
Sarajevo
39.5%
Bulgaria
Sofia
39.5%
Albania
Tirana
38.9%
Slovenia
Ljubljana
31.2%
Serbia
Belgrade
30.2%
Lithuania
Vilnius
24.9%
Malta
Valetta
24.6%
Liechtenstein
Vaduz
23.8%
Macedonia
Skopje
19.8%
Georgia
Tbilisi
19.4%
Moldova
Chisinau
17.8%
Azerbaijan
Baku
15.8%
Montenegro
Podgorica
13.9%
Armenia
Yerevan
11.7%
Kosovo
Pristine
11.2%
Quiz Playlist
Details
Report
Send in Message
Add To Playlist
Classic:
Type in answers that appear in a list
Forced Order:
Answers have to be entered in order
Last Updated: Feb 16, 2017
Quiz Scoreboard
CHALLENGE
Sign Up to Join the Scoreboard
Show All
Scores
Hide
Comments
May contain spoilers
Recently Published
1-10 Letter E Words III
by El_Dandy
Language
2m
Street Fighter Characters
by Artimus82
Gaming
60s
College Basketball Coaching Resumes
by pancakes188
Sports
9m
More to Explore
Quiz From the Vault
Featured Blog Post
Where Did the Easter Bunny Come From?
hide this ad
You Might Also Like...
Tags
Capital Quiz
Country Quiz
Europe Quiz
World Quiz
European Capitals
Today's Top Quizzes in Geography
Browse Geography
hide this ad
Today's Top Quizzes in World
Browse World
Top Contributed Quizzes in Geography
1
Countries of the World - No Outlines Minefield
2
Top 25 Cities of France on a map
3
Any capital of a 'B' country per Continent
4
Any capital of a 'C' country per Continent
5
Closest Countries to UK A-Z
6
Any capital of a 'D' country per Continent
7
5-to-1: US Geography No Hints
8
Any capital of an 'E' country per Continent
9
Find the US States - No Outlines
10
Any capital of an 'F' country per Continent
Explore More
Trending Topics
Crossword
Anime
Marvel
NBA
Kpop
Harry Potter
Disney
The Office
Puzzle
WWE
Country
Pokémon
Song
Soccer
NFL
hide this ad
More By:
imaloser
Quiz
Plays
Rating
Category
Featured
Created
Grey's Anatomy Quotes/ Trivia
9,694
3.22
Television
Jul 12, 2010
Scrambled Book Titles
153
3.50
Literature
Oct 31, 2010
Vocab
0
1.00
Language
Nov 16, 2010
Go to Creator's Profile
Score Distribution
Quiz Creator Spotlight
imaloser
Follow
Send a Message
Quizzes Created
-
Created Quiz Play Count
-
More By This Creator
Popular Quizzes Today
1
Find the US States - No Outlines Minefield
2
Find the Countries of Europe - No Outlines Minefield
3
The Countries of the World
4
Find the US States
5
Risky Map Clicking: Biggest States A-Z
6
US States
7
Popular People in 1961
8
Movies - When Are They Set?
More Geography Quizzes
Top 200 US Metro Areas
Published
Trending Quizzes
Risky Map Clicking: Least Populous States A-Z
1-10 Letter G Words
USA Borders Longest to Shortest
1-10 Letter F Words
Countries of the World: 200 Million BC
Recently Updated
Leaping Animals
pecheneg
Reality TV Shows (A-Z)
bhenderson79
Rickey Henderson's Hall of Fame Teammates
pecheneg
Champions League XIs: Arsenal
pecheneg
Quick Pick: Celebrities in WWE's Hall of Fame
aduchscher
A-Z Keypad Blitz II
pecheneg
Multiple Oscar Actors
pecheneg
Mystery Phrase Blitz: Oscar 'Best Actors'
pecheneg
F. Scott Fitzgerald Novels
LTH
Pick 3 Villains
ddd62291
Trending Topics
Harry Potter
Crossword
Kpop
Marvel
Disney
NBA
Anime
The Office
Puzzle
Song
WWE
Country
Soccer
NFL
Pokémon
Your Account Isn't Verified!
In order to create a playlist on Sporcle, you need to verify the email address you used during registration. Go to your
Sporcle Settings
to finish the process.
Report this User
Report this user for behavior that violates our
Community Guidelines
.
Details:
Send Report
Go to the Sporcle.com Mobile Site →
Comments